000 00475 a2200133 4500
001 91661
082 _aPR 1629
090 _c43821
_d43820
100 _aSamar Ahmed Ali; Prof Tahir M Khalid and Ayub, Advisors
245 _aDemonstrate Image Processing by Overlap Add (ORLA) Method and Show it on a Bank of Images Including a Thermal Image after Capturing it From IR System
_n51 "B" EC
260 _aRawalpindi
_bNUST
_c1999
300 _a150p
500 _aBE Project Reports
942 _aCAE NUST
_kPR 1629
999 _c326734
_d326734